| 000 | 00531nam a2200169Ia 4500 | ||
|---|---|---|---|
| 008 | 230718s9999 xx 000 0 und d | ||
| 020 | _a9780007342440 | ||
| 041 | _aeng | ||
| 082 |
_a823 _bWIL |
||
| 100 |
_aWilhelm M. _9173333 |
||
| 245 |
_aJames Cameron's Avatar: _bA Confidential Report On The Biological And Social History Of Pandora |
||
| 260 |
_c2009 _bHarper Collins |
||
| 300 | _a203 | ||
| 365 |
_cRs. _b699.00 |
||
| 700 |
_aWilhelm M. & Mathison D. _9191314 |
||
| 906 |
_dO:0082528-Apr-2010B:385531-Mar-2010 _cGENRL _b139.8 |
||
| 999 |
_c324814 _d324814 |
||